000 00457cam a2200181ua 4500
001 3570
008 111222n ii |||gr||||Z||||||asm
040 _cMAIN
082 _a780
100 _aBaruah, Hari Narayan,
_eEditor.,
245 1 1 _aDahbicharar geet
_ced. by Harinarayan Dutta Baruah
250 _a1st.
260 _aGuwahati:
_bDutta Baruah & company,988.
300 _a36p:
_c23cm.
653 _aAssamese
653 _aDehbicharar geet
942 _cBK
999 _c3411
_d3411